One Hit Wonders - Statistics

General Stats
  • This quiz has been taken 60 times
  • The average score is 26 of 71
Answer Stats
Hint Answer % Correct
99 Luftballoons (1984) Nena
87%
Wonderwall (1996) Oasis
85%
Tainted Love (1982) Soft Cell
81%
Come On Eileen (1983) Dexy's Midnight Runners
79%
Nothing Compares 2 U (1990) Sinead O'Connor
77%
I'm Gonna Be 500 Miles (1993) The Proclaimers
77%
I'm Too Sexy (1992) Right Said Fred
75%
Video Killed The Radio Star (1979) The Buggles
71%
Mambo No. 5 (A Little Bit Of...) (1999) Lou Bega
65%
The Boys Are Back In Town (1976) Thin Lizzy
65%
Mickey (1982) Tony Basil
60%
Don't Worry Be Happy (1988) Bobby McFerrin
58%
Tubthumping (1997) Chumbawamba
58%
Layla (1972) Derek and the Dominos
58%
Whip It (1980) Devo
58%
Baby Got Back (1992) Sir Mix-a-Lot
58%
We're Not Gonna Take It (1984) Twisted Sister
58%
Walk On The Wild Side (1973) Lou Reed
56%
You're Beautiful (2006) James Blunt
54%
Who Let The Dogs Out (2000) Baha Men
52%
Cars (1980) Gary Numan
52%
What's Up? (1993) 4 Non Blondes
48%
Tiptoe Through the Tulips With Me (1968) Tiny Tim
44%
For What It's Worth Buffalo Springfield
42%
Stacy's Mom (2003) Fountains of Wayne
42%
Werewolves of London (1978) Warren Zevon
42%
All The Young Dudes (1972) Mott the Hoople
40%
Cat Scratch Fever (1977) Ted Nugent
40%
She Blinded Me With Science (1983) Thomas Dolby
40%
Bang a Gong (1972) T Rex
40%
Torn (1998) Natalie Imbruglia
38%
Spirit In The Sky (1970) Norman Greenbaum
38%
Play That Funky Music (1976) Wild Cherry
38%
In-A-Gadda-Da-Vida (1968) Iron Butterfly
37%
Love Hurts (1976) Nazareth
37%
Wicked Game (1991) Chris Isaak
35%
In the Summertime (1970) Mungo Jerry
35%
Closing Time (1998) Semisonic
35%
Seasons In The Sun (1974) Terry Jacks
33%
The Middle (2002) Jimmy Eat World
31%
King Tut (1978) Steve Martin
29%
You Light up My Life (1977) Debbie Boone
25%
Hocus Pocus (1973) Focus
25%
MacArthur Park (1968) Richard Harris
25%
In the Year 2525 (1969) Zager and Evans
25%
Afternoon Delight (1976) Starland Vocal Band
23%
Rock On (1974) David Essex
21%
Venus (1970) Shocking Blue
21%
Eve of Destruction (1965) Barry McGuire
19%
Mississippi Queen (1970) Mountain
19%
Na Na Hey Hey Kiss Him Goodbye (1969) Steam
19%
Keep Your Hands To Yourself (1987) The Georgia Satellites
17%
Don't Know Why (2003) Norah Jones
15%
1234 (2007) Feist
13%
Sex and Candy (1998) Marcy-Playground
13%
Classical Gas (1968) Mason Williams
13%
Life Is A Highway (1992) Tom Cochrane
13%
Dancing In The Moonlight (1973) King Harvest
12%
Rock and Roll, Hoochie Koo (1974) Rick Derringer
12%
Green Tambourine (1968) The Lemon Pipers
12%
Signs (1971) Five Man Electrical Band
10%
Brick (1998) Ben Folds Five
8%
Criminal (1997) Fiona Apple
8%
Sunny Came Home (1997) Shawn Colvin
8%
I'd Love To Change The World (1971) Ten Years After
8%
Dirty Water (1966) The Standells
8%
The Freshmen (1997) The Verve Pipe
8%
One Toke Over The Line (1971) Brewer and Shipley
6%
Hot Rod Lincoln (1972) Commander Cody
4%
One Tin Soldier (1971) Coven
4%
Vehicle (1970) The Ides of March
4%
No matching quizzes found
Score Distribution
Percent of People with Each Score
Percentile by Number Answered
Your Score History
You have not taken this quiz